| 000 | 01323cad a22001935a 4500 | ||
|---|---|---|---|
| 001 | L152417 | ||
| 008 | 110304s2011 xxk f 000 0 eng d | ||
| 035 | _a(Sirsi) u152417 | ||
| 041 | 0 | _aeng | |
| 110 | 2 |
_aCarbon Connect _95924 |
|
| 245 | 0 | 0 |
_aEnergy efficiency _bthe untapped business opportunity _h[electronic resource] |
| 260 | _c2011 | ||
| 520 | _aPrivate sector property is wasting £6bn a year due to poor energy efficiency with non-domestic property responsible for approximately 18% of the UK's total carbon emissions. With many recommendations including the suggestion that government should amend the enchanced capital allowance scheme to make tax allowances formally transferable between tenants and landlords including tax-exempt property funds. Also, government should work with the insurance industry to establish insurance packages for renewable generations projects in the commercial property sector and to develop low cost insurance policies for energy efficient projects. | ||
| 590 | _aKA NTK | ||
| 651 | 4 | _aUnited Kingdom | |
| 690 | _aENVIRONMENTAL AND LAND CONSULTANCY-ENERGY-ENERGY USE-ENERGY EFFICIENCY | ||
| 856 | 4 | 0 |
_uhttps://www.policyconnect.org.uk/sites/default/files/Carbon%20Connect%20report%20web%20version(1).pdf _zView the report free of charge at www.policyconnect.org.uk |
| 942 | _n0 | ||
| 999 |
_c112051 _d112051 |
||